000 00563nam a2200205Ia 4500
005 20250923145023.0
008 008 250917s9999 xx 000 0 eng d
037 _aTextual
040 _aDSWL
_beng
_cDSWL
041 _aeng
_2eng
084 _aY173(Y7), K3
_qDSWL
100 _aSharif, M.R.
_9830943
245 0 _aIslamic social frame work
_cby M.R. Sharif
260 _aLahore
_bMuhammad Araf
_c1963
300 _aiv,573 p.
365 _aINR
_b8
925 _g8
942 _cTEXL
_hY173(Y7), K3
999 _c1446138
_d1446138